Present Day Countries Within Warsaw Pact Borders - Statistics

General Stats
  • This quiz has been taken 321 times
  • The average score is 20 of 23
Answer Stats
Country % Correct
Russia
96%
Estonia
95%
Latvia
95%
Lithuania
95%
Poland
95%
Belarus
93%
Romania
93%
Ukraine
93%
Bulgaria
91%
Germany
91%
Hungary
91%
Moldova
90%
Slovakia
90%
Armenia
88%
Georgia
88%
Albania
85%
Azerbaijan
84%
Tajikistan
84%
Turkmenistan
84%
Uzbekistan
83%
Czech Republic
81%
Kazakhstan
80%
Kyrgyzstan
75%
No matching quizzes found
Score Distribution
Percent of People with Each Score
Percentile by Number Answered
Your Score History
You have not taken this quiz